5 in 15: Harry Potter Characters Quiz Stats

 Plays Quiz Updated Aug 7, 2019

Score 0/5 Timer 00:15
36 Plays Today
% Correct
Correct Prefect.
90.5%
Correct Chaser.
80.6%
Correct Yule Ball Partner.
74.9%
Correct Squad Member.
73.2%
Correct Pupil.
55.4%

You're not logged in!

Compare scores with friends on all Sporcle quizzes.
OR
Log In

Sporcle TV

Today on Sporcle TV


Watch our educational content, quiz creation guides, and fun videos on Sporcle TV.

Show Comments

Extras

Top Quizzes Today


Score Distribution

Your Account Isn't Verified!

In order to create a playlist on Sporcle, you need to verify the email address you used during registration. Go to your Sporcle Settings to finish the process.

Report this User

Report this user for behavior that violates our Community Guidelines.

Details: